000 00898nam a22002897a 4500
003 CHAP
005 20220329143814.0
008 110912s1976 mx a r 00010 spa d
010 _a102091
011 _a103063
020 _a0136996450
035 _a113752
040 _cCHAP
082 1 0 _a338.521
_bH61
100 0 0 _aHirshleifer, Jack.
_955579
245 1 3 _aPrice theory and applications
_c/por Jack Hirshleifer
260 _bEnglewood Cliffs, N.J :
_bPrentice Hall,
_c1976
300 _axv, 506 p. :
_bgráfs.
590 _aBATCH-UPD
_b10
_c20130110
_lUCH01
_h1654
590 _aBATCH-UPD
_b10
_c20130410
_lUCH01
_h1043
590 _aBATCH-UPD
_b10
_c20130914
_lUCH01
_h1617
590 _aCONVERSION
_b10
_c20130109
_lUCH01
_h1356
650 1 4 _aMicroeconomía.
_975508
901 _aBK
942 _cLIBRO
949 _a338.521 H61
_bBC
_cLIBRO
_d33724002305199
_eLIBRO
_gDonaciØn
_h115780
_i113752
_sb
999 _c102091
_d102091